<?xml version="1.0" encoding="UTF-8"?>
<record
    xmlns:xsi="http://www.w3.org/2001/XMLSchema-instance"
    xsi:schemaLocation="http://www.loc.gov/MARC21/slim http://www.loc.gov/standards/marcxml/schema/MARC21slim.xsd"
    xmlns="http://www.loc.gov/MARC21/slim">

  <leader>00838nam a22002177a 4500</leader>
  <controlfield tag="008">240702b        mp ||||| |||| 00| 0 mon d</controlfield>
  <datafield tag="035" ind1=" " ind2=" ">
    <subfield code="a">12032</subfield>
  </datafield>
  <datafield tag="040" ind1=" " ind2=" ">
    <subfield code="a">SU1322070</subfield>
    <subfield code="b">mon</subfield>
    <subfield code="c">MN-UlNLM</subfield>
    <subfield code="d">MN-UlNLM</subfield>
    <subfield code="e">rda</subfield>
  </datafield>
  <datafield tag="041" ind1=" " ind2=" ">
    <subfield code="a">mon</subfield>
  </datafield>
  <datafield tag="042" ind1=" " ind2=" ">
    <subfield code="a">30234</subfield>
  </datafield>
  <datafield tag="084" ind1=" " ind2=" ">
    <subfield code="2">NNA</subfield>
    <subfield code="a">28.6</subfield>
    <subfield code="b">&#x41A;-921</subfield>
  </datafield>
  <datafield tag="100" ind1=" " ind2=" ">
    <subfield code="a">&#x41A;&#x443;&#x43F;&#x43F;&#x44D;&#x440; &#x425;.</subfield>
  </datafield>
  <datafield tag="245" ind1=" " ind2="0">
    <subfield code="a">&#x425;&#x43E;&#x432;&#x43E;&#x440;&#x434;&#x441;&#x43E;&#x43D; &#x430;&#x43D; &#x430;&#x43C;&#x44C;&#x442;&#x430;&#x43D;</subfield>
  </datafield>
  <datafield tag="264" ind1=" " ind2=" ">
    <subfield code="a">&#x423;&#x43B;&#x430;&#x430;&#x43D;&#x431;&#x430;&#x430;&#x442;&#x430;&#x440; &#x445;&#x43E;&#x442;</subfield>
    <subfield code="b">&#x410;&#x434;&#x43C;&#x43E;&#x43D; &#x425;&#x425;&#x41A;</subfield>
    <subfield code="c">2006</subfield>
  </datafield>
  <datafield tag="300" ind1=" " ind2=" ">
    <subfield code="a">20&#x445;.</subfield>
  </datafield>
  <datafield tag="336" ind1=" " ind2=" ">
    <subfield code="2">rdacontent</subfield>
    <subfield code="a">text</subfield>
    <subfield code="b">txt</subfield>
  </datafield>
  <datafield tag="337" ind1=" " ind2=" ">
    <subfield code="2">rdamedia</subfield>
    <subfield code="a">unmediated</subfield>
    <subfield code="b">n</subfield>
  </datafield>
  <datafield tag="338" ind1=" " ind2=" ">
    <subfield code="2">rdacarrier</subfield>
    <subfield code="a">volume</subfield>
    <subfield code="b">nc</subfield>
  </datafield>
  <datafield tag="650" ind1=" " ind2=" ">
    <subfield code="a">&#x425;&#x430;&#x439;&#x440;&#x442; &#x445;&#x4AF;&#x4AF;&#x445;&#x434;&#x4AF;&#x4AF;&#x434; &#x44D;&#x44D;, &#x425;&#x4AF;&#x43C;&#x4AF;&#x4AF;&#x441; &#x445;&#x4AF;&#x440;&#x44D;&#x44D;&#x43B;&#x44D;&#x43D; &#x431;&#x443;&#x439; &#x43E;&#x440;&#x447;&#x43D;&#x43E;&#x43E; &#x431;&#x43E;&#x445;&#x438;&#x440;&#x434;&#x443;&#x443;&#x43B;&#x441;&#x43D;&#x430;&#x430;&#x441; &#x431;&#x43E;&#x43B;&#x436; &#x43D;&#x443;&#x443;&#x440; &#x446;&#x4E9;&#x4E9;&#x440;&#x4E9;&#x43C;, &#x433;&#x43E;&#x43B; &#x43C;&#x4E9;&#x440;&#x4E9;&#x43D;, &#x448;&#x438;&#x440;&#x433;&#x44D;&#x436; &#x431;&#x430;&#x439;&#x43D;&#x430;. &#x413;&#x430;&#x437;&#x430;&#x440; &#x442;&#x430;&#x440;&#x438;&#x430;&#x43B;&#x430;&#x43D; &#x44D;&#x440;&#x445;&#x43B;&#x44D;&#x445; &#x43E;...</subfield>
  </datafield>
  <datafield tag="942" ind1=" " ind2=" ">
    <subfield code="2">NNA</subfield>
    <subfield code="c">BK</subfield>
  </datafield>
  <datafield tag="952" ind1=" " ind2=" ">
    <subfield code="0">0</subfield>
    <subfield code="1">0</subfield>
    <subfield code="4">0</subfield>
    <subfield code="6">286_&#x41A;921</subfield>
    <subfield code="7">0</subfield>
    <subfield code="8">SU1324</subfield>
    <subfield code="a">SU1322070</subfield>
    <subfield code="b">SU1322070</subfield>
    <subfield code="c">SU1324</subfield>
    <subfield code="d">2024-07-04</subfield>
    <subfield code="g">1000.00</subfield>
    <subfield code="l">0</subfield>
    <subfield code="o">28.6  &#x41A;-921</subfield>
    <subfield code="p">SU13212032-4-1</subfield>
    <subfield code="r">2024-07-04</subfield>
    <subfield code="t">37705</subfield>
    <subfield code="y">BK</subfield>
  </datafield>
  <datafield tag="952" ind1=" " ind2=" ">
    <subfield code="0">0</subfield>
    <subfield code="1">0</subfield>
    <subfield code="4">0</subfield>
    <subfield code="6">286_&#x41A;921</subfield>
    <subfield code="7">0</subfield>
    <subfield code="8">SU1324</subfield>
    <subfield code="a">SU1322070</subfield>
    <subfield code="b">SU1322070</subfield>
    <subfield code="c">SU1324</subfield>
    <subfield code="d">2024-07-04</subfield>
    <subfield code="g">1000.00</subfield>
    <subfield code="l">0</subfield>
    <subfield code="o">28.6  &#x41A;-921</subfield>
    <subfield code="p">SU13212032-4-2</subfield>
    <subfield code="r">2024-07-04</subfield>
    <subfield code="t">37706</subfield>
    <subfield code="y">BK</subfield>
  </datafield>
  <datafield tag="952" ind1=" " ind2=" ">
    <subfield code="0">0</subfield>
    <subfield code="1">0</subfield>
    <subfield code="4">0</subfield>
    <subfield code="6">286_&#x41A;921</subfield>
    <subfield code="7">0</subfield>
    <subfield code="8">SU1324</subfield>
    <subfield code="a">SU1322070</subfield>
    <subfield code="b">SU1322070</subfield>
    <subfield code="c">SU1324</subfield>
    <subfield code="d">2024-07-04</subfield>
    <subfield code="g">1000.00</subfield>
    <subfield code="l">0</subfield>
    <subfield code="o">28.6  &#x41A;-921</subfield>
    <subfield code="p">SU13212032-4-3</subfield>
    <subfield code="r">2024-07-04</subfield>
    <subfield code="t">37701</subfield>
    <subfield code="y">BK</subfield>
  </datafield>
  <datafield tag="952" ind1=" " ind2=" ">
    <subfield code="0">0</subfield>
    <subfield code="1">0</subfield>
    <subfield code="4">0</subfield>
    <subfield code="6">286_&#x41A;921</subfield>
    <subfield code="7">0</subfield>
    <subfield code="8">SU1324</subfield>
    <subfield code="a">SU1322070</subfield>
    <subfield code="b">SU1322070</subfield>
    <subfield code="c">SU1324</subfield>
    <subfield code="d">2024-07-04</subfield>
    <subfield code="g">1000.00</subfield>
    <subfield code="l">0</subfield>
    <subfield code="o">28.6  &#x41A;-921</subfield>
    <subfield code="p">SU13212032-4-4</subfield>
    <subfield code="r">2024-07-04</subfield>
    <subfield code="t">37703</subfield>
    <subfield code="y">BK</subfield>
  </datafield>
  <datafield tag="952" ind1=" " ind2=" ">
    <subfield code="0">0</subfield>
    <subfield code="1">0</subfield>
    <subfield code="4">0</subfield>
    <subfield code="6">286_&#x41A;921</subfield>
    <subfield code="7">0</subfield>
    <subfield code="8">SU1324</subfield>
    <subfield code="a">SU1322070</subfield>
    <subfield code="b">SU1322070</subfield>
    <subfield code="c">SU1324</subfield>
    <subfield code="d">2024-07-04</subfield>
    <subfield code="g">1000.00</subfield>
    <subfield code="l">0</subfield>
    <subfield code="o">28.6  &#x41A;-921</subfield>
    <subfield code="p">SU13212032-4-5</subfield>
    <subfield code="r">2024-07-04</subfield>
    <subfield code="t">41191</subfield>
    <subfield code="y">BK</subfield>
  </datafield>
  <datafield tag="952" ind1=" " ind2=" ">
    <subfield code="0">0</subfield>
    <subfield code="1">0</subfield>
    <subfield code="4">0</subfield>
    <subfield code="6">286_&#x41A;921</subfield>
    <subfield code="7">0</subfield>
    <subfield code="8">SU1324</subfield>
    <subfield code="a">SU1322070</subfield>
    <subfield code="b">SU1322070</subfield>
    <subfield code="c">SU1324</subfield>
    <subfield code="d">2024-07-04</subfield>
    <subfield code="g">1000.00</subfield>
    <subfield code="l">0</subfield>
    <subfield code="o">28.6  &#x41A;-921</subfield>
    <subfield code="p">SU13212032-4-6</subfield>
    <subfield code="r">2024-07-04</subfield>
    <subfield code="t">37702</subfield>
    <subfield code="y">BK</subfield>
  </datafield>
  <datafield tag="999" ind1=" " ind2=" ">
    <subfield code="c">1069725</subfield>
    <subfield code="d">1069782</subfield>
  </datafield>
</record>
